| 000 | 006550000a22002170004500 | ||
|---|---|---|---|
| 001 | 14461 | ||
| 010 | _a0913235008 | ||
| 090 | _a14461 | ||
| 100 | _a20190520 frey50 | ||
| 101 | _aeng | ||
| 102 | _aUS|Bethesda | ||
| 200 | 0 | 1 |
_aFisheries techniques _fed. Larry A. Nielsen, David L. Johnson ; il. Susan S. Sampton |
| 210 |
_aBethesda, Maryland _ccop. 1983 _dAmerican Fisheries Society |
||
| 215 |
_aXIII, [3], 468 p. _cil. _d26 cm |
||
| 310 | _aencadernado | ||
| 317 | _aIPIMAR | ||
| 320 | _aContém bibliografias e índice | ||
| 686 | _aE 13 | ||
| 702 |
_aJohnson, _bDavid L. _4340 |
||
| 702 |
_aNielsen, _bLarry A. _4340 |
||
| 702 |
_aSampton, Susan S., _bil. |
||